BOOKLYST MASTER AGRICULTURE GRADE 10 (Record no. 216765)
[ view plain ]
| 000 -LEADER | |
|---|---|
| fixed length control field | 00487nam a22001697a 4500 |
| 008 - FIXED-LENGTH DATA ELEMENTS--GENERAL INFORMATION | |
| fixed length control field | 260303b |||||||| |||| 00| 0 eng d |
| 020 ## - INTERNATIONAL STANDARD BOOK NUMBER | |
| International Standard Book Number | 978-9914-51-182-6 |
| 050 ## - LIBRARY OF CONGRESS CALL NUMBER | |
| Classification number | S 535 .B75 2025 |
| 100 ## - MAIN ENTRY--PERSONAL NAME | |
| Personal name | AUMA, BRIAN |
| 245 ## - TITLE STATEMENT | |
| Title | BOOKLYST MASTER AGRICULTURE GRADE 10 |
| 260 ## - PUBLICATION, DISTRIBUTION, ETC. | |
| Place of publication, distribution, etc. | NAIROBI, |
| Name of publisher, distributor, etc. | BOOKLYST PRESS LIMITED. |
| Date of publication, distribution, etc. | 2025. |
| 300 ## - PHYSICAL DESCRIPTION | |
| Extent | 236P, ILL |
| 650 ## - SUBJECT ADDED ENTRY | |
| Topical term or geographic name entry element | AGRICULTURE- STUDY AND TEACHING SECONDARY |
| 700 ## - ADDED ENTRY--PERSONAL NAME | |
| Personal name | OTIENO, BYRON HENRY |
| 942 ## - ADDED ENTRY ELEMENTS (KOHA) | |
| Source of classification or shelving scheme | Library of Congress Classification |
| Koha item type | Long Loan Book |
| Withdrawn status | Lost status | Source of classification or shelving scheme | Damaged status | Not for loan | Collection | Home library | Current library | Shelving location | Date acquired | Inventory number | Total checkouts | Full call number | Barcode | Date last seen | Date last checked out | Copy number | Price effective from | Koha item type |
|---|---|---|---|---|---|---|---|---|---|---|---|---|---|---|---|---|---|---|
| Library of Congress Classification | Science & Technology | Kisii University Library | Kisii University Library | On Display | 03/03/2026 | 112337 | 1 | S 535 .B75 2025 | 000000024313 | 04/08/2026 | 03/29/2026 | 1 | 03/03/2026 | Long Loan Book | ||||
| Library of Congress Classification | Science & Technology | Kisii University Library | Kisii University Library | On Display | 03/03/2026 | 112338 | S 535 .B75 2025 | 000000016415 | 03/03/2026 | 2 | 03/03/2026 | Long Loan Book | ||||||
| Library of Congress Classification | Science & Technology | Kisii University Library | Kisii University Library | On Display | 03/03/2026 | 112339 | S 535 .B75 2025 | 000000016414 | 03/03/2026 | 3 | 03/03/2026 | Long Loan Book | ||||||
| Library of Congress Classification | Science & Technology | Kisii University Library | Kisii University Library | On Display | 03/03/2026 | 112340 | 1 | S 535 .B75 2025 | 000000017410 | 04/17/2026 | 03/30/2026 | 4 | 03/03/2026 | Long Loan Book | ||||
| Library of Congress Classification | Science & Technology | Kisii University Library | Kisii University Library | On Display | 03/03/2026 | 112341 | S 535 .B75 2025 | 000000017318 | 03/03/2026 | 5 | 03/03/2026 | Long Loan Book |